Normal view
MARC view
Entry Uniform Title
001 - CONTROL NUMBER
- control field: 37647
003 - CONTROL NUMBER IDENTIFIER
- control field: dpl
005 - DATE AND TIME OF LATEST TRANSACTION
- control field: 20111227105953.0
008 - FIXED-LENGTH DATA ELEMENTS
- fixed length control field: 111227|||a|||||| | ||| d
040 ## - CATALOGING SOURCE
- Original cataloging agency: dpl
- Transcribing agency: dpl
130 ## - HEADING--UNIFORM TITLE
- Uniform title: Zac power:
- Form subdivision: 24 hours to save the world...and get to guitar practice
670 ## - SOURCE DATA FOUND
- Source citation: Work cat.: (dpl): Larry, H.I. 37646, Lunar strike /, 2007
670 ## - SOURCE DATA FOUND
- Source citation: Work cat.: (dpl): Larry, H.I. 37646, Lunar strike /, 2007
